Vereinslegenden der Bundesliga ab 2000 #3 - Statistiken

Allgemein
  • Dieses Quiz wurde 213 mal gespielt
  • Das Durchschnittsergebnis liegt bei 10 aus 15
Antwortstatistiken
Hint Antwort % Korrekt
Spielt - meist von der Bank - seit 2015 bei Freiburg Nils Petersen
89%
Zauberte für Bremen und Wolfsburg, schoss aus 62 Metern das "Tor des Jahres" 2007 Diego
86%
Kölner Jung‘ und Weltmeister Lukas Podolski
86%
Hält seit 2015 den Kasten der Bochumer sauber Manuel Riemann
78%
Holländischer Freistoßschütze für den ehemaligen "Dino" Rafael van der Vaart
78%
Prägende Figur der Jahre des "Vizekusen", Meisterschaftsgewinn mit Kaiserslautern & Bayern Michael Ballack
77%
Sportdirektor und schwarz-gelbe Legende Sebastian Kehl
71%
Bekannt für einen legendären Patzer als Torwart für Cottbus Tomislav Piplica
63%
Spitznamen: "Schnix" und "Weißer Brasilianer" Bernd Schneider
61%
Drittbester ausländischer Torschütze aus Brasilien Giovane Élber
60%
Spielte mit seinem Bruder Raffael bei der "Alten Dame" Ronny
54%
Ehemaliger deutscher Nationalspieler, heute Funktionär bei Königsblau Gerald Asamoah
51%
Spielte zehn Jahre für die Wölfe und war bis 2017 Kapitän Marcel Schäfer
36%
Deutsch-Portugiesische Hannover Legende Sérgio da Silva Pinto
34%
In 11 Jahren senste er Reihenweise Stürmer im Auftrag des FSV Mainz weg Nikolče Noveski
28%
Keine übereinstimmenden Quizze gefunden
Verteilung der Resultate
Anzahl Personen mit jedem Resultat
Perzentil nach korrekt beantworteten Fragen
Ihre Resultats-Entwicklung
Sie haben dieses Quiz noch nicht gespielt